01068nam a2200313 i 4500001000700000003000700007005001700014008004100031016003100072017005000103020001500153035002100168040003900189080002300228100003600251240002500287245007400312246003300386260003400419300002100453336002200474337003000496338002400526490003300550655002700583700003200610830003300642852007900675195279SpMaBN20250318063120.0230316s2004 sp | ||| ||spa 7 abimoBNE200500627162SpMaBN aM 29719-2004bOficina Depósito Legal Madrid a8496246841 a(OCoLC)433328538 aSpMaBNbspacSpMaBNerdcdES-MaACL a821.111(73)-31"19" aThompson, Jim, d1906-1977eaut10aPop. 1280lEspañol10a1.280 almas / cJim Thompson ; [traducción, Antonio Prometeo Moya].3 aMil doscientas ochenta almas aMadrid :bEl País,c[2004]. a205 p. :c20 cm. 2rdacontentatexto 2rdamediaasin mediación 2rdacarrieravolumen1 aEl País, serie negra ;v23 72tgfbneaNovelas negras0 aMoya, Antonio-Prometeoetrl3 aEl País, serie negra ;v23 aES-MaACLcDEPOJjN-8912xEncuadernación rústicahDonación: Editorial